000 00233nam a22001097a 4500
082 _a621.3815FAR
100 _aFarrukh Saleem
245 _aElectronics questions and answers
260 _aKarachi
_c1984
300 _a128
942 _cBK
999 _c12923
_d12923